000 00575nam a22002177a 4500
999 _c460858
_d460858
001 216218974
003 UA-OsUOA
005 20200804112201.0
008 200804b un ||||| |||| 00| 0 ukr d
020 _a821.161.1
040 _aUA-OsUOA
_bukr
_cUA-OsUOA
_dUA-OsUOA
041 _aukr
090 _a821.161.1
_bБ43
100 _aБерезняк Е
245 _aПароль "Dum Spiro"
_bрассказ
_cЕвгений Березняк
260 _aКиев
_bПолитиздат
_c1987
300 _a238 с.
650 _2821
942 _2udc
_cBK
955 _a3